000 00818nam a22002775i 4500
001 18125323
003 SISC
005 20160822090806.0
008 140423s2014 cau 000 0 eng
010 _a 2014939150
020 _a9781446276068
040 _aDLC
_beng
_erda
_cDLC
042 _apcc
050 _aH 62
_b.R392 2015
100 1 _aRichards, Lyn.
245 1 0 _aHandling qualitative data :
_ba practical guide /
_cLyn Richards.
250 _a3rd edition.
260 _aLos Angeles :
_bSAGE,
_c2015.
263 _a1411
300 _aix, 236 pages :
_billustrations ;
_c25 cm.
500 _aIncludes bibliographical references and index.
650 _aQualitative research
_xMethodology.
906 _a0
_bibc
_corignew
_d2
_eepcn
_f20
_gy-gencatlg
942 _2lcc
_cBK
_kFOR
999 _c288908
_d288908